Normal view
MARC view
- TE-37
Entry Geographic Name
001 - CONTROL NUMBER
- control field: 131313
003 - CONTROL NUMBER IDENTIFIER
- control field: NUST
005 - DATE AND TIME OF LATEST TRANSACTION
- control field: 20251021113918.0
008 - FIXED-LENGTH DATA ELEMENTS
- fixed length control field: 251021|| aca||aabn | a|a d
040 ## - CATALOGING SOURCE
- Original cataloging agency: NUST
- Transcribing agency: NUST
151 ## - HEADING--GEOGRAPHIC NAME
- Geographic name: TE-37
670 ## - SOURCE DATA FOUND
- Source citation: Work cat.: (NUST)183102: Salman, Ahmed CSUO (TE-37) 131311, Simulation in matlab and implementation in C language of an OFDM modem /, 2004
